00632nam a2200169 a 450000100100000000500170001000800410002702000150006804000250008310000340010824500830014226000750022530000210030050400320032150400730035371000360042600003733820200930080311.0120328s1982 sp 000 0 spa d a8400052501 aDO-SdBNPbspacBNPHU1 aAparici Llanas, María Pilar14aLas novelas de tesis de Benito Pérez Galdos /cMaría Pilar Aparici Llanas. aBarcelona :bConsejo Superior de Investigaciones Científicas,c1982. a386 p. ;c25 cm. aBibliografía : p. 379-386 aIncluye referencias bibliográficas y notas al pie de las páginas2 aInstitució Milà i Fontanals